Журналы заседаний Постоянного совета

Доступно только в Электронных читальных залах Найти на картеНа карте
RUSMARC
00003531nac2a22002531x 450
00141896579-2092-4c4f-9795-3543ee67b65c
00520131123114713.0
100##$a20130529l19151915k y0rusy50 ca
1010#$arus
102##$aRU
105##$ay z |||||
1222#$ad19150202
$ad19151121
2001#$aЖурналы заседаний Постоянного совета
$j2 февраля - 21 ноября 1915
215##$a73 листа
251##$cДело
300##$aПодлинники
300##$aЧасть документов рукописная, часть напечатана типографским способом и на пишущей машинке
330##$aIII. Протоколы заседаний Постоянного совета /1906-1917/
461#0$1001b6db1e6b-efcc-4108-961b-a8f75be6354f
$12001
$aПостоянный совет объединенных дворянских обществ
$1251
$cФонд
$1852
$j434
462#0$1001376737bd-14a2-4097-a3d5-a02b2aa0e2d3
$12001
$aПостоянный совет объединенных дворянских обществ. 1906-1917 гг.
$1251
$cОпись
$1852
$j1
60102$3RU\NLR\AUTH\8810165427
$aПостоянный совет объединенных дворянских обществ
$cПетербург
801#0$aRU
$bGA_RF
801#1$aRU
$bНПО Опыт
$c20130529
$2rusmarc
801#2$aRU
$bПБ им. Б.Н. Ельцина
$c20131123
$gRCR
$2rusmarc
852##$aГА РФ
$j85
937##$d41994506
$hПБ
035##$aRuPRLIB51005836
Формат отображения